Smerovanie európskej integrácie v čase krízy

Európska integrácia, ktorá začala v polovici minulého storočia, pokročila avšak stále ešte nie je ukončená. V súčasnosti, v čase krízy sa opäť dostáva do poprieda s tým, že by sa malo dohodnúť na jej ďalšom vývoji.

Saved in:
Bibliographic Details
Main Author: Baka, Zoltán
Format: Book Chapter
Language:Slovak
Subjects:
Tags: Add Tag
No Tags, Be the first to tag this record!

MARC

LEADER 00000nla a2200000 4500
001 0166441
005 20221207082255.6
041 0 |a slo 
044 |a CZ 
245 1 0 |a Smerovanie európskej integrácie v čase krízy  |c Zoltán Baka 
520 |a Európska integrácia, ktorá začala v polovici minulého storočia, pokročila avšak stále ešte nie je ukončená. V súčasnosti, v čase krízy sa opäť dostáva do poprieda s tým, že by sa malo dohodnúť na jej ďalšom vývoji. 
610 2 0 |a Európska únia 
610 2 0 |a integrácia ekonomická medzinárodná 
610 2 0 |a politika kohézna 
610 2 0 |a bezpečnosť ekonomická 
610 2 0 |a spolupráca medzinárodná 
100 1 |a Baka, Zoltán